000 00618nam a22002057a 4500
005 20260415150758.0
010 _aENG-148289
020 _a9789371361866
_c635.00
035 _aEN-131821
037 _bDBAD
082 _a340.11
_27
100 _aBhardwaj, A P
245 _aLegal Aptitude Workbook/
_cA P Bhardwaj
250 _a7
260 _aNoida
_bPearson India Education
_c2026
270 _a15th Floor, Towe-B, World Trade Tower, Plot No.1, Block-C, Sector-16
_bNoida
_e201301
300 _avpp.
_c25cm(pb)
500 _afor Law Entrances UG and PG 2026-27
942 _2ddc
_cEN
_h340
_mBHA
999 _c215626
_d215626